Most Spoken Languages in every Region in Europe - Statistics

General Stats
  • This quiz has been taken 266 times
    186 since last reset
  • The average score is 23 of 25
Answer Stats
Answer % Correct
French
99%
German
99%
German
99%
Russian
99%
Danish
98%
English
98%
English
98%
English
98%
English
98%
English
98%
Italian
98%
Italian
98%
Swedish
98%
Polish
96%
Spanish
96%
Norwegian
95%
Ukrainian
95%
Dutch
94%
Greek
94%
Czech
92%
Hungarian
91%
Slovak
86%
Romanian
83%
Belarussian
76%
Finish
33%
No matching quizzes found
Score Distribution
Percent of People with Each Score
Percentile by Number Answered
Your Score History
You have not taken this quiz since the last reset